Halalkah makanan kita?/ (Record no. 23894)

MARC details
000 -LEADER
fixed length control field 00729nam a2200265#a 4500
001 - CONTROL NUMBER
control field 02335
003 - CONTROL NUMBER IDENTIFIER
control field HDC
007 - PHYSICAL DESCRIPTION FIXED FIELD--GENERAL INFORMATION
fixed length control field ta
008 - FIXED-LENGTH DATA ELEMENTS--GENERAL INFORMATION
fixed length control field 230623s2014 xx 000 0 eng d
020 ## - INTERNATIONAL STANDARD BOOK NUMBER
International Standard Book Number 9789673661343 (pbk).
040 ## - CATALOGING SOURCE
Original cataloging agency HDC
050 ## - LIBRARY OF CONGRESS CALL NUMBER
Classification number BP184.9
Item number .D5 S23 2014
100 ## - MAIN ENTRY--PERSONAL NAME
Personal name Saadan Man,
Titles and words associated with a name Dr.
245 #0 - TITLE STATEMENT
Title Halalkah makanan kita?/
Statement of responsibility, etc. Saadan Man, Zainal Abidin Yahya.
264 ## - PRODUCTION, PUBLICATION, DISTRIBUTION, MANUFACTURE, AND COPYRIGHT NOTICE
Place of production, publication, distribution, manufacture Batu Caves, Selangor :
Name of producer, publisher, distributor, manufacturer PTS Islamika,
Date of production, publication, distribution, manufacture, or copyright notice 2014.
300 ## - PHYSICAL DESCRIPTION
Extent xviii,285p :
Other physical details ill. ;
Dimensions 23cm.
504 ## - BIBLIOGRAPHY, ETC. NOTE
Bibliography, etc. note Bibliography: p. [261]-285.
650 ## - SUBJECT ADDED ENTRY--TOPICAL TERM
Topical term or geographic name entry element Food
General subdivision Religious aspects
-- Islam.
650 ## - SUBJECT ADDED ENTRY--TOPICAL TERM
Topical term or geographic name entry element Muslim
General subdivision Dietary laws.
700 ## - ADDED ENTRY--PERSONAL NAME
Personal name Zainal Abidin Yahya.
942 ## - ADDED ENTRY ELEMENTS (KOHA)
Source of classification or shelving scheme Library of Congress Classification
942 ## - ADDED ENTRY ELEMENTS (KOHA)
Koha item type Book
942 ## - ADDED ENTRY ELEMENTS (KOHA)
Call number prefix BP184.9
942 ## - ADDED ENTRY ELEMENTS (KOHA)
Call number suffix .D5 S23 2014
Holdings
Withdrawn status Lost status Source of classification or shelving scheme Damaged status Not for loan Collection Home library Current library Shelving location Date acquired Total checkouts Full call number Barcode Date last seen Price effective from Koha item type
    Library of Congress Classification     Non-fiction Halal Development Corporation Library Halal Development Corporation Library Open Shelves 17/11/2020   BP184.9 .D5 S23 2014 HDC0001552 24/05/2023 24/05/2023 Book
Halal Development Corporation Berhad (HDC)
5.02 Level 5, KPMG Tower, First Avenue, Persiaran Bandar Utama, 47800 Petaling Jaya, Selangor Darul Ehsan
Phone: +603 7965 5489 Email: [email protected]